El teatro en sudamérica española hasta 1800 / (Record no. 93524)

MARC details
000 -LEADER
campo de control de longitud fija 00564nam a2200169 i 4500
001 - NÚMERO DE CONTROL
campo de control 93524
003 - IDENTIFICADOR DE NÚMERO DE CONTROL
campo de control ES-MaACL
005 - FECHA Y HORA DE LA ÚLTIMA TRANSACCIÓN
campo de control 20230906181242.0
007 - CAMPO FIJO DE DESCRIPCIÓN FÍSICA--INFORMACIÓN GENERAL
campo de control de longitud fija t|
008 - DATOS DE LONGITUD FIJA--INFORMACIÓN GENERAL
campo de control de longitud fija 050412s1957 sp ||||1| spa d
100 1# - ENTRADA PRINCIPAL--NOMBRE DE PERSONA
Nombre de persona Lohmann Villena, Guillermo.
9 (RLIN) 73134
245 13 - MENCIÓN DEL TÍTULO
Título El teatro en sudamérica española hasta 1800 /
Mención de responsabilidad, etc. por Guillermo Lohmann Villena.
260 ## - PUBLICACIÓN, DISTRIBUCIÓN, ETC.
Lugar de publicación, distribución, etc. Barcelona :
Nombre del editor, distribuidor, etc. Barna,
Fecha de publicación, distribución, etc. 1957.
300 ## - DESCRIPCIÓN FÍSICA
Extensión 8 h. ;
Dimensiones 26 cm.
500 ## - NOTA GENERAL
Nota general Es separata de IV v. de la Historia General de las Literaturas Hispánicas 375-389 p.
852 ## - LOCALIZACIÓN
Ubicación ES-MaACL
Número de control de estantería 2000-F-24
Sublocalización o colección R.42224
Holdings
Estatus retirado Estado de pérdida Estado de daño No para préstamo Colección Biblioteca de origen Biblioteca actual Ubicación en estantería Fecha de adquisición Fuente de adquisición Total de préstamos Signatura topográfica completa Código de barras Visto por última vez Precio de reemplazo Tipo de ítem Koha
        Colección de folletos Biblioteca del Ateneo de Madrid Biblioteca del Ateneo de Madrid Depósito folletos 17/01/2008     2000-F-24 1097666 23/02/2023 23/02/2023 Folleto